| 000 | 00000nam##2200000za#4500 |
| 001 | 9.572639 |
| 003 | CaOODSP |
| 005 | 20220111083119 |
| 007 | cr ||||||||||| |
| 008 | 150406|2002||||xxc|||||o f|0| 0 eng|d |
| 022 | |a1928-6414 |
| 040 | |aCaOODSP|beng |
| 043 | |an-cn--- |
| 086 | 1 |aNE22-1/2002-4E-PDF |
| 110 | 1 |aCanada. |bNational Energy Board. |
| 245 | 10|aReasons for decision in the matter of Province of New Brunswick : |h[electronic resource]|bapplication respecting short-term export order procedures |
| 246 | 1 |iVariant title : |aProvince of New Brunswick |
| 260 | |aCalgary - Alberta : |bNational Energy Board |cSeptember 2002. |
| 300 | |a54p.|bgraphs, maps, table |
| 490 | 1 |aReasons for decision|x1928-6414|vMH-2--2002 |
| 500 | |aThe catalogue number (NE22-1/2002-4E) and ISBN (0-662-32704-7) for the print edition have been incorrectly copied in this electronic publication. |
| 590 | |a12-10-Supp|b2012-03-23 |
| 775 | 08|tMotifs de décision relativement à Province du Nouveau-Brunswick : |w(CaOODSP)9.602983 |
| 776 | 0#|tProvince of New Brunswick : |w(CaOODSP)9.616045 |
| 830 | #0|aReasons for decision (Canada. National Energy Board)|x1928-6414|vMH-2--2002|w(CaOODSP)9.504480 |
| 856 | 40|ahttp://publications.gc.ca|qPDF|s2.71 MB|uhttps://publications.gc.ca/collections/Collection/NE22-1-2002-4E.pdf|yMH-2--2002 |